Chomsky para principiantes /

Escribió más de treinta libros. El diario New York Times lo considera el intelectual vivo más importante. Es uno de los cerebros del MIT, de Boston, pero casi nadie tiene la menor idea de quién es, de qué habla ni por qué es tan importante. Noam Chomsky descolla en dos campos interdependientes: la l...

Descripción completa

Detalles Bibliográficos
Autor principal: Cogswell, David
Otros Autores: Gordon, Paul
Formato: Libro
Lenguaje:español
Publicado: Buenos Aires Era Naciente 2010
Colección:Para principiantes 23
Materias:
Acceso en línea:

MARC

LEADER 00000cam a2200000 a 4500
001 022416
003 UAHC_CL
005 20170803122122.0
008 120530s2010 ag 000 spa
020 |a 9789879065389 
040 |a UAHC_CL  |c UAHC_CL  |d UAHC_CL 
082 0 4 |a 921.1  |b C677  |2 20 
100 1 |a Cogswell, David 
245 1 0 |a Chomsky para principiantes /  |c David Cogswell, Paul Gordon. 
260 |b Era Naciente  |a Buenos Aires  |c 2010 
300 |a 160 p. 
490 0 |a Para principiantes  |v 23 
520 |a Escribió más de treinta libros. El diario New York Times lo considera el intelectual vivo más importante. Es uno de los cerebros del MIT, de Boston, pero casi nadie tiene la menor idea de quién es, de qué habla ni por qué es tan importante. Noam Chomsky descolla en dos campos interdependientes: la lingüística y el análisis crítico de la política y de los medios de comunicación.\Este último que él ha elevado al nivel de cruzada existencial abre los ojos del gran público al poner al descubierto las oscuras conductas de los gobiernos y de la prensa. Su mensaje es simple: las grandes corporaciones manejan países, partidos políticos... y los medios ocultan esto para poder sobrevivir, económica y periodísticamente. Este es el primer libro que cubre ambos aspectos. 
600 1 4 |a CHOMSKY, NOAM  |d 1928- 
700 1 |a Gordon, Paul 
900 |a 921.1 COG 
942 |c BK 
952 |0 0  |1 0  |4 0  |6 921_100000000000000_COG  |7 0  |8 Referencia  |9 44554  |a BC  |b BC  |c Referencia  |d 2017-08-03  |l 0  |o 921.1 COG  |p 1400576  |r 2025-11-25 00:00:00  |t 1  |w 2017-08-03  |y BK 
952 |0 0  |1 0  |4 0  |6 921_100000000000000_COG  |7 0  |8 General  |9 44555  |a BR  |b BR  |c General  |d 2017-08-03  |l 1  |o 921.1 COG  |p 1400577  |r 2026-01-14 00:00:00  |s 2025-05-16  |t 1  |w 2017-08-03  |y BK 
952 |0 0  |1 0  |4 0  |6 921_100000000000000_COG  |7 0  |8 Referencia  |9 44556  |a BC  |b BC  |c Referencia  |d 2017-08-03  |l 0  |o 921.1 COG  |p 1421108  |q 2017-06-28  |r 2017-08-03 00:00:00  |t 2  |w 2017-08-03  |y BK 
952 |0 0  |1 0  |4 0  |6 921_100000000000000_COG  |7 0  |8 General  |9 44557  |a BS  |b BS  |c General  |d 2017-08-03  |l 1  |m 1  |o 921.1 COG  |p 1421109  |r 2025-11-26 00:00:00  |s 2018-03-16  |t 1  |w 2017-08-03  |y BK 
999 |c 22416  |d 22416